Omezení nabídky úvěru solventní otevřené ekonomiky v rámci implementace kapitálových požadavků Basel III

Ponuka úveru bankového systému konzistentého s udržaním vonkajšej rovnováhy ekonomiky v podmienkach negatívnej čistej investičnej pozície a solventnosti bankového systému s významným podielom zahraničných akcionárov v rámci implementácie požadaviek na kapitálové vybavenie a zdroje financovania bánk...

Descrizione completa

Salvato in:
Dettagli Bibliografici
Autore principale: Blahová, Naďa
Altri autori: Brůna, Karel
Natura: Capitolo di libro
Lingua:ceco
Soggetti:
Tags: Aggiungi Tag
Nessun Tag, puoi essere il primo ad aggiungerne!!

MARC

LEADER 00000nla a2200000 4500
001 0230153
005 20240417075115.8
041 0 |a cze 
044 |a CZ 
245 1 0 |a Omezení nabídky úvěru solventní otevřené ekonomiky v rámci implementace kapitálových požadavků Basel III  |c Naďa Blahová, Karel Brůna 
520 |a Ponuka úveru bankového systému konzistentého s udržaním vonkajšej rovnováhy ekonomiky v podmienkach negatívnej čistej investičnej pozície a solventnosti bankového systému s významným podielom zahraničných akcionárov v rámci implementácie požadaviek na kapitálové vybavenie a zdroje financovania bánk podľa Basel III. 
610 2 0 |a úver bankový 
610 2 0 |a hospodárstvo otvorené 
610 2 0 |a riziko bankové 
610 2 0 |a solventnosť 
610 2 0 |a investori 
610 2 0 |a investovanie 
610 2 0 |a primeranosť kapitálová 
100 1 |a Blahová, Naďa 
700 1 |a Brůna, Karel